Recyklace průmyslových odpadů

Na minha lista:
Detalhes bibliográficos
Autor principal: Mikoláš, Jan
Formato: Livro
Idioma:tcheco
Publicado em: Praha Státní nakladatelství technické literatury 1988
Edição:1. vyd.
Colecção:Ochrana životního prostředí
Tags: Adicionar Tag
Sem tags, seja o primeiro a adicionar uma tag!

MARC

LEADER 00000nam a2200000 4500
001 c040329
005 20221219085638.1
041 0 |a cze 
044 |a CZ 
245 1 0 |a Recyklace průmyslových odpadů  |c Jan Mikoláš 
250 |a 1. vyd. 
264 1 |a Praha  |b Státní nakladatelství technické literatury  |c 1988 
300 |a 165 s. 
490 1 |a Ochrana životního prostředí 
830 0 |a Ochrana životního prostředí 
100 1 |a Mikoláš, Jan